| Поле | Инд. | ПП | Название | Значение |
|---|---|---|---|---|
| Тип записи | a | |||
| Библиографический уровень | b | |||
| 001 | Контрольный номер | RU/IS/BASE/185983160 | ||
| 005 | Дата корректировки | 20220715140329.8 | ||
| 008 | Кодируемые данные | 20051122 | ||
| 084 | a | Индекс другой классификации/Индекс ББК | 60.51(2)6 | |
| a | Индекс другой классификации/Индекс ББК | 60.563.05 | ||
| a | Индекс другой классификации/Индекс ББК | 86.21 | ||
| 100 | 1_ | a | Автор | Гараджа Е. В. |
| 245 | 10 | a | Заглавие | Религиозный смысл "интегрализма" П. Сорокина |
| 504 | a | Библиография | Библиогр. ссылки. - Примеч. | |
| 600 | 14 | a | Персоналии | Сорокин Питирим Александрович |
| 650 | 04 | a | Основная рубрика | история социологии |
| a | Основная рубрика | религиоведение | ||
| a | Основная рубрика | религия | ||
| a | Основная рубрика | социология | ||
| a | Основная рубрика | социология религии | ||
| 653 | 0_ | a | Ключевые слова | XX век |
| a | Ключевые слова | альтруизм | ||
| a | Ключевые слова | интегрализм | ||
| a | Ключевые слова | интегральная социология | ||
| a | Ключевые слова | любовь | ||
| a | Ключевые слова | платоническая любовь | ||
| a | Ключевые слова | религиозная жизнь | ||
| a | Ключевые слова | Россия | ||
| a | Ключевые слова | христианская социология | ||
| a | Ключевые слова | эгоизм | ||
| 773 | 18 | t | Заглавие источника | Вестник Московского университета. Серия 18, Социология и политология |
| d | Дата издания источника | 2005 | ||
| g | Прочая информация | № 3. - С. 100 - 122 | ||
| w | Контрольный № источника | RU/IS/BASE/184253657 | ||
| 901 | t | Тип документа | b |